| 000 | 00561nam a2200193Ia 4500 | ||
|---|---|---|---|
| 005 | 20250508152806.0 | ||
| 008 | 008 250505s9999 xx 000 0 eng d | ||
| 037 | _aTextual | ||
| 040 |
_aFEDL _beng _cFEDL |
||
| 041 |
_aeng _2eng |
||
| 084 |
_a025.21, MUK _qFEDL |
||
| 100 |
_aMukherjee A K _945070 |
||
| 245 | 0 | _aBook selection and systematic bibliography | |
| 260 |
_aCalcutta, India _bThe World Press Private Limited _c1960 |
||
| 300 | _a106p. | ||
| 650 | _aLibrary Science | ||
| 942 |
_cTEXL _h025.21, MUK |
||
| 999 |
_c1338783 _d1338783 |
||